Sports Illustrated Covers (1970s) Quiz Stats

 Plays Quiz Updated Nov 26, 2017

Score 0/30 Timer 07:00
1 Play Today
% Correct
Muhammad Ali
95.5%
Pete Rose
83.8%
Pelé
82.9%
Joe Namath
82.5%
Hank Aaron
81.2%
Mark Spitz
79.8%
Wilt Chamberlain
78%
George Foreman
76.8%
Willie Mays
76%
George Brett
72.2%
Bill Walton
71.7%
Bobby Orr
70.4%
Tommy Lasorda
69.3%
Fran Tarkenton
67.4%
Jimmy Connors
65.6%
% Correct
Dave Cowens & Julius Erving
61.3%
Dick Butkus
57.4%
Evel Knievel
54.4%
Bobby Hull
49.1%
Catfish Hunter
48.9%
Leon Spinks
47.5%
Nadia Comăneci
43.6%
George Blanda
36%
Olga Korbut
31.9%
Carlton Fisk
30.3%
Henri Richard
30.1%
Alex Karras
27.5%
Jackie Stewart
25.9%
Doug Collins
7.6%
Bobby Fischer
7.6%

You're not logged in!

Compare scores with friends on all Sporcle quizzes.
OR
Log In

Sporcle TV

Today on Sporcle TV


Watch our educational content, quiz creation guides, and fun videos on Sporcle TV.

Show Comments

Extras

Top Quizzes Today


Score Distribution

Your Account Isn't Verified!

In order to create a playlist on Sporcle, you need to verify the email address you used during registration. Go to your Sporcle Settings to finish the process.

Report this User

Report this user for behavior that violates our Community Guidelines.

Details: